000 01002nam a22002537a 4500
008 240619b mp ||||| |||| 00| 0 mon d
020 _a978-9919-517-33-5
035 _a31537
040 _aUV1862160
_bmon
_cMN-UlNLM
_dMN-UlNLM
_erda
041 _amon
042 _a81588
082 _210-t
_a158.03
_bК.414
100 _aКинни Ж.
245 0 _aДүрсгүй жаалын өдрийн тэмдэглэл: Хуучин цаг
264 _aУБ
_bАдмон ХХК
_c2015
300 _a217х.
336 _2rdacontent
_atext
_btxt
337 _2rdamedia
_aunmediated
_bn
338 _2rdacarrier
_avolume
_bnc
490 _aДүрсгүй жаалын өдрийн тэмдэглэл
_v10
650 _a"Дээр үед амьдрал үнэхээр сайхан байсан гэдэг. Үнэхээр тийм гэж үү?" Энэ бол хотынхон нь цахил гаан хэрэгслүүдээ салган сайн ду...
942 _210-t
_cBK
999 _c925815
_d925872